000 00356nam a22001571a 4500
020 _a9788121406734
082 _aH3
_bMRI/V
100 _aMridula Garg
245 _aVamshaj/
_cby Mridula Garg
260 _aNew Delhi:
_bNational,
_c1999.
300 _a173p.
650 _aNovel Hindi
650 _aLiterature Hindi
650 _aLiterature
942 _cBK
999 _c49046
_d49046